| 000 | 00354nam a2200121Ia 4500 | ||
|---|---|---|---|
| 008 | 220217s9999||||xx |||||||||||||| ||und|| | ||
| 082 | _a621.4 ARO | ||
| 100 | _aArora , S C and Domkundwar, S | ||
| 245 | 0 | _aCourse in heat and mas transfer | |
| 260 |
_aDhanpat rai and co. _b2012 _c2012 |
||
| 300 |
_axvi,1343p _b475 |
||
| 650 | _aHEAT AND MASS TRANSFOR | ||
| 999 |
_c184352 _d184352 |
||